National Accounts of Ukraine (Record no. 6622)

MARC details
000 -LEADER
fixed length control field 00422nam a22001937i 4500
001 - CONTROL NUMBER
control field 7814
003 - CONTROL NUMBER IDENTIFIER
control field OSt
005 - DATE AND TIME OF LATEST TRANSACTION
control field 20170126082404.0
007 - PHYSICAL DESCRIPTION FIXED FIELD--GENERAL INFORMATION
fixed length control field tu
008 - FIXED-LENGTH DATA ELEMENTS--GENERAL INFORMATION
fixed length control field 161220s xxu||||| |||| 00| 0 d
024 7# - OTHER STANDARD IDENTIFIER
Standard number or code 7814
Source of number or code RID
040 ## - CATALOGING SOURCE
Transcribing agency OSt
110 2# - MAIN ENTRY--CORPORATE NAME
Corporate name or jurisdiction name as entry element National Bank of Ukraine
245 00 - TITLE STATEMENT
Title National Accounts of Ukraine
260 ## - PUBLICATION, DISTRIBUTION, ETC.
Place of publication, distribution, etc. Ukraine.
490 ## - SERIES STATEMENT
Series statement National Accounts of Ukraine
651 ## - SUBJECT ADDED ENTRY--GEOGRAPHIC NAME
Geographic name Ukraine
866 #0 - TEXTUAL HOLDINGS--BASIC BIBLIOGRAPHIC UNIT
-- 2005
942 ## - ADDED ENTRY ELEMENTS (KOHA)
Koha item type Statistics
Holdings
Withdrawn status Lost status Damaged status Not for loan Home library Current library Shelving location Date acquired Inventory number Total Checkouts Barcode Date last seen Price effective from Koha item type
        WIIW WIIW Library 08/07/2008 7814   10003731 01/26/2017 01/26/2017 Statistics
The Vienna Instiute for International Economic Studies (wiiw)